000 00527nam a2200181Ia 4500
008 220216s9999 xx 000 0 und d
100 _aQuirl Roderic P
245 0 _aAnionic synthesis of trialkoxysilyl-functionalized polymers
260 _bRubber Chemistry and Technology
_c2008
300 _a77-95
500 _aSource Year: 2008
650 _aGeneral functionalization methodology
700 _aKing Rebecca L
700 _aOcampo Manuela
700 _aPolce Michael J
700 _aWesdemiotis Chrys
942 _cJS
999 _c54295
_d54295